000 01086nam0a22002651 4500
001 v19\rc\1937619
005 20251118180802.7
035 _a(NLR Aleph) 005021597
090 _a6595001
_c6595001
100 _a20080404d1912 u y0rusy50 ca
101 0 _arus
102 _aRU
105 _aa z |||||
200 1 _aПолный практический курс столярного дела
_eС доп. токар., резн., мозаич., выпиловоч. и мебел. работ
_eОтделка деревян. поверхностей и окрашивание в разн. цвета
_fП.В. Федоров, технолог
210 _aСанкт-Петербург
_cА.Ф. Сухова
_d1912
215 _a[6], 246 с., 333 ил.
_d22
225 1 _aБиблиотека ремесел и производств
700 1 _aФедоров
_bП.А.
_gПетр Акимович
801 0 _aRU
_bNLR
_gpsbo
801 0 _aRU
_bRuMoRGB
_2psbo
801 1 _aRU
_bProSoft-M
_2rusmarc
852 _aNLR
_jDesideratum
899 _aRuMoRGB
_jP 27/77
942 _cBOOK
980 _aNB